Critical Analysis of the Juvenile Justice System in India with Special Reference to Juvenile Justice Act, 2015 (Record no. 1715684)

MARC details
000 -LEADER
fixed length control field 00409nam a22001337a 4500
005 - DATE AND TIME OF LATEST TRANSACTION
control field 20260318122907.0
008 - FIXED-LENGTH DATA ELEMENTS--GENERAL INFORMATION
fixed length control field 260318b |||||||| |||| 00| 0 eng d
040 ## - CATALOGING SOURCE
Transcribing agency FLL
041 ## - LANGUAGE CODE
Source of code eng
Language code of text/sound track or separate title eng
100 ## - MAIN ENTRY--PERSONAL NAME
Personal name Manju
245 ## - TITLE STATEMENT
Title Critical Analysis of the Juvenile Justice System in India with Special Reference to Juvenile Justice Act, 2015
260 ## - PUBLICATION, DISTRIBUTION, ETC.
Place of publication, distribution, etc. DU
Name of publisher, distributor, etc. Faculty of Law
Date of publication, distribution, etc. 2023
942 ## - ADDED ENTRY ELEMENTS (KOHA)
Source of classification or shelving scheme Colon Classification (CC)
Koha item type Dissertations
100 ## - MAIN ENTRY--PERSONAL NAME
-- 415016
999 ## -
-- 1715684
-- 1715684
Holdings
Withdrawn status Lost status Source of classification or shelving scheme Damaged status Not for loan Home library Current library Date acquired Source of acquisition Total checkouts Barcode Date last seen Copy number Price effective from Koha item type
    Colon Classification (CC)     Faculty of Law Library Faculty of Law Library 2026-03-18 Faculty of Law   LLD015145 2026-03-18 1 2026-03-18 Dissertations
Copyright @ Delhi University Library System